| 000 | 00890nam a22002297a 4500 | ||
|---|---|---|---|
| 003 | OSt | ||
| 005 | 20260511090025.0 | ||
| 008 | 260511b |||||||| |||| 00| 0 eng d | ||
| 020 | _a9780241706619 | ||
| 040 | _aKenya National Library Service | ||
| 082 | _a813.6 RIO | ||
| 100 |
_aRiordan, Rick, _eauthor. |
||
| 245 |
_a9 from the Nine Worlds / _cRick Riordan. |
||
| 300 |
_a150 pages,16 unnumbered pages of plates ; _c20 cm. |
||
| 490 | _aMagnus Chase and the gods of Asgard. | ||
| 520 | _aA collection of interconnected short stories set in the world of Norse mythology, following characters such as Magnus Chase and other gods and creatures as they navigate humorous and action-filled adventures across the Nine Worlds. | ||
| 650 | _aShort stories. | ||
| 650 | _aFantasy fiction. | ||
| 942 |
_2ddc _cBK _n0 |
||
| 999 |
_c492637 _d492637 |
||